| 000 | 01362nam a22002177a 4500 | ||
|---|---|---|---|
| 005 | 20240920110049.0 | ||
| 008 | 240920b ||||| |||| 00| 0 eng d | ||
| 020 | _a9789358562163 | ||
| 040 | _cAL | ||
| 041 | _aEnglish | ||
| 082 |
_223 _a510.1 _bNEWP |
||
| 100 |
_aIsaac Newton _9179687 |
||
| 245 | _aPrincipia: The Mathematical Principles of Natural Philosophy | ||
| 260 |
_aNew Delhi _bFingerprint! _c2023 |
||
| 300 |
_a713 p. _bPB _c19.5X12.5 cm. |
||
| 365 |
_aBLCR-000030 _b₹399.00 _c₹ _d₹499.00 _e20% _f11-09-2024 |
||
| 520 | _aA groundbreaking work in the field of physics and mathematics. In this monumental work, Newton formulated the laws of motion and universal gravitation, laying the foundation for classical mechanics and revolutionizing our understanding of the physical world. The Principia remains one of the most significant scientific books ever written, influencing generations of scientists, and shaping the course of modern physics and mathematics. The Groundbreaking Work of Sir Isaac Newton Mathematical proofs and equations. Comprehensive coverage of planetary motion. Helps in understanding the principles of motion. Logical and rigorous approach to scientific inquiry. Studied and revered as a seminal work in the field of science. | ||
| 650 |
_a Mathematics _9179674 |
||
| 700 |
_aNEWTON (ISAAC) _9179675 |
||
| 942 |
_2ddc _cBK |
||
| 999 |
_c231863 _d231863 |
||